000 00855pam a2200241 a 4500
001 4415
005 20260227100133.0
020 _a0735841187
040 _aDLC
_cDLC
_dDLC
_beng
050 0 0 _aPZ73.P4945
082 0 0 _a833.914
100 1 _aPfister, Marcus
245 1 0 _aPenguin Pete /
_cMarcus Pfister : Translated by Anthea Bell
260 _aFaellanden, Switzerland :
_bNorth-South Books ;
_aNew York, N.Y. :
_bDistributed in the U.S. by H. Holt,
_c1987 .
300 _a26 unnumbered pages :
_bcolor illustrations ;
_c22 cm .
505 _aR
520 _aPete the penguin has a good time playing on land with his fellow birds and learning how to swim in the sea.
521 _a660
_bLexile AD
521 _aR
_bRaz-Plus
650 1 _aPenguins
_xFiction.
906 _a7
_bcbc
_corignew
_d1
_eocip
_f19
_gy-gencatlg
942 _2ddc
_cBK
_n0
999 _c4415
_d4415